000 00696nam a2200181 a 4500
005 20140412111300.0
008 000823s19uu xx 00 eng d
020 _a0-15-200769-5
050 _aTR(PS E
_bGu93 1995
100 _aFox, Mem, 1946-
245 _aGuess what? /
_cwritten by Mem Fox ; illustrated by Vivienne Goodman.
260 _aNew York :
_bVoyager Books/Harcourt Brace & Company,
_c1990.
300 _a1 v. (unp.) ; ill.
520 _aThrough a series of questions to which the reader must andwer yes or no, the personality and occupation of a lady called Daisy O'Grady are revealed.
650 _aIdentify-Fiction
650 _aQuestions and answer-Fiction
999 _c103356
_d103356